00317nam a2200133Ia 4500008004100000041000800041082001200049100002300061245002800084250001400112260003700126300001300163365000700176240624s9999 xx 000 0 und d aeng a337 CHE aCHERUNILAM FRANCIS aINTERNATIONAL ECONOMICS a(3rd ed.) c2004aNew delhibTata McGrawhill ax, : 523 cRS